000 00303nam a22001337a 4500
008 170830b xxu||||| |||| 00| 0 eng d
020 _a2901412936957
041 _aeng
080 _23rd
_a070
100 _a39
101 _aMED
245 _aWOMEN IN MASS COMMUNICATION
_cCREEDON,P.J
942 _2udc
_cBK
999 _c25454
_d25454